Govt. of
Madhya Pradesh

Muslims In South East Asia (Record no. 3776)

MARC details
000 -LEADER
fixed length control field 003600000a22001450004500
003 - CONTROL NUMBER IDENTIFIER
control field MACL
040 ## - CATALOGING SOURCE
Original cataloging agency MACL
090 ## - LOCALLY ASSIGNED LC-TYPE CALL NUMBER (OCLC); LOCAL CALL NUMBER (RLIN)
-- 3808
-- 3807
100 ## - MAIN ENTRY--PERSONAL NAME
Relator code
Personal name Chauhan, Rajinder Singh
245 ## - TITLE STATEMENT
Title Muslims In South East Asia
Remainder of title A Study In Minority Problem
260 ## - PUBLICATION, DISTRIBUTION, ETC. (IMPRINT)
Name of publisher, distributor, etc. Kanishka Publishing House
Date of publication, distribution, etc. 1991
350 ## - PRICE (NR) (BK AM CF MU VM SE) [OBSOLETE]
Price 225
650 ## - SUBJECT ADDED ENTRY--TOPICAL TERM
Topical term or geographic name as entry element Political Science
942 ## - ADDED ENTRY ELEMENTS (KOHA)
Koha item type Library Membar
Call number prefix 320
Holdings
Withdrawn status Lost status Source of classification or shelving scheme Damaged status Not for loan Home library Current library Date acquired Cost, normal purchase price Full call number Barcode Date last seen Uniform Resource Identifier Price effective from Koha item type
          MACL MACL 15/04/2015 225.00 320/CHA CRE005252 02/05/2024 3752 15/04/2015 Books